Filtro digital implementado en un PLD
Guardado en:
| Autor principal: | |
|---|---|
| Formato: | Libro |
| Publicado: |
[San José, Costa Rica]
2004
|
| Materias: | |
| Etiquetas: |
Agregar Etiqueta
Sin Etiquetas, Sea el primero en etiquetar este registro!
|
MARC
| LEADER | 00000nam a2200000Ia 4500 | ||
|---|---|---|---|
| 003 | 009419 | ||
| 005 | 20221231144134.0 | ||
| 008 | 140114s2004 cr a m 000 ||s d | ||
| 040 | |c cru CEDI | ||
| 090 | |a TFG 4962 | ||
| 100 | |a Denic Danay Murillo Murillo |9 6270 | ||
| 245 | |a Filtro digital implementado en un PLD | ||
| 260 | |c 2004 |a [San José, Costa Rica] | ||
| 300 | |a vii, 58 hojas : ilustraciones | ||
| 500 | |a Proyecto de graduación (bachillerato en ingeniería eléctrica)--Universidad de Costa Rica. Facultad de Ingeniería. Escuela de Ingeniería Eléctrica | ||
| 650 | |x CIRCUITOS ELECTRICOS |x FILTROS ELECTRICOS DIGITALES |x DISPOSITIVOS LOGICOS PROGRAMABLES |9 6271 | ||
| 942 | |c TFG | ||
| 999 | |c 17458 |d 17458 | ||
